000 02240cad a22002895a 4500
001 L159613
008 170314s2017 xxk f 000 0 eng d
020 _a9781783212118
035 _a(Sirsi) u159613
041 0 _ager
050 0 4 _a333.0062 $1 8
110 2 _aRoyal Institution of Chartered Surveyors
_94900
245 0 0 _aInteressenkonflikte or Conflicts of interest
_h[electronic resource]
250 _a(RICS Conflicts of interest - March 2017 - German translation)
260 _aLondon
_bRICS
_c2017
490 0 _aRICS Professional Statement
520 _aThis professional statement, which supports the RICS Rules of Conduct, also places an overarching mandatory requirement on all RICS members and regulated firms and specifies RICS' expectations of how compliance with the Rules of Conduct should be achieved.This document is in three parts: 1.The RICS professional statement on Conflicts of Interest and Confidentiality sets out RICS? mandatory rules in this area. This section also contains the definitions used in the professional statement. 2.Commentary: "General commentary notes" set out principles as to how RICS expects regulated firms and members to apply the professional statement.3.Commentary: "Supplementary commentary notes" give guidance on how members and regulated firms can meet the obligations set out in Part 1. Parts 2 and 3 contain guidance, and should be read in conjunction with the mandatory requirements in Part 1.
520 _aEffective from 1 January 2018
520 _aFirst edition published March 2017, revised December 2017 (to add Supporting commentary notes 11 to 14 and signpost them from the PS). This professional statement was amended January 2022 to update references to the RICS Rules of Conduct
590 _aKA
650 2 4 _aRICS RULES OF CONDUCT
651 4 _aInternational
690 _aDispute resolution
_96236
856 4 0 _uhttps://www.rics.org/content/dam/ricsglobal/documents/standards/interessenkonflikte_german_translation.pdf
_zGerman translation on RICS.org
856 4 0 _uhttps://www.rics.org/profession-standards/rics-standards-and-guidance/conduct-competence/conflicts-of-interest
_zEnglish and other language translations on RICS.org
942 _n0
_2ddc
999 _c116048
_d116048